[Event "Tournoi International du Pays de Charleroi 2018"]
[Site "Roux, Belgium"]
[Date "2018.08.04"]
[Round "9.31"]
[White "Watelet, Sylvain"]
[Black "Dallemagne, Maximilien"]
[Result "0-1"]
[WhiteElo "1958"]
[BlackElo "2100"]

1. e4 {[%clk 01:17:38]} {[%emt 00:13:21]} e6 {[%clk 01:30:16]} {[%emt
00:00:45]} 2. d4 {[%clk 01:17:51]} {[%emt 00:00:17]} d5 {[%clk 01:30:33]}
{[%emt 00:00:13]} 3. Nd2 {[%clk 01:17:54]} {[%emt 00:00:25]} h6 {[%clk
01:30:56]} {[%emt 00:00:09]} 4. exd5 {[%clk 01:17:45]} {[%emt 00:00:38]} exd5
{[%clk 01:31:17]} {[%emt 00:00:10]} 5. Bd3 {[%clk 01:16:55]} {[%emt 00:01:20]}
Bd6 {[%clk 01:31:33]} {[%emt 00:00:14]} 6. Qf3 {[%clk 01:08:45]} {[%emt
00:08:39]} Nf6 {[%clk 01:29:55]} {[%emt 00:02:09]} 7. h3 {[%clk 01:08:14]}
{[%emt 00:01:00]} O-O {[%clk 01:30:03]} {[%emt 00:00:23]} 8. Ne2 {[%clk
01:01:56]} {[%emt 00:06:47]} b6 {[%clk 01:28:24]} {[%emt 00:02:10]} 9. O-O
{[%clk 00:58:07]} {[%emt 00:04:18]} c5 {[%clk 01:20:34]} {[%emt 00:08:20]} 10.
c3 {[%clk 00:57:48]} {[%emt 00:00:49]} Ba6 {[%clk 01:19:34]} {[%emt 00:01:30]}
11. Re1 {[%clk 00:51:03]} {[%emt 00:07:15]} Re8 {[%clk 01:18:29]} {[%emt
00:01:35]} 12. Nf1 {[%clk 00:48:35]} {[%emt 00:02:57]} cxd4 {[%clk 01:08:23]}
{[%emt 00:10:38]} 13. cxd4 {[%clk 00:41:20]} {[%emt 00:07:44]} Bxd3 {[%clk
01:03:25]} {[%emt 00:05:29]} 14. Qxd3 {[%clk 00:41:40]} {[%emt 00:00:10]} Nc6
{[%clk 01:03:54]} {[%emt 00:00:01]} 15. Be3 {[%clk 00:35:21]} {[%emt 00:06:48]}
Nb4 {[%clk 00:58:56]} {[%emt 00:05:28]} 16. Qb3 {[%clk 00:34:30]} {[%emt
00:01:21]} Qd7 {[%clk 00:49:38]} {[%emt 00:09:48]} 17. Nfg3 {[%clk 00:31:19]}
{[%emt 00:03:41]} Rac8 {[%clk 00:27:43]} {[%emt 00:22:25]} 18. Rac1 {[%clk
00:30:46]} {[%emt 00:01:03]} Nc6 {[%clk 00:27:09]} {[%emt 00:01:05]} 19. Qb5
{[%clk 00:26:11]} {[%emt 00:05:05]} Qb7 {[%clk 00:26:41]} {[%emt 00:00:58]} 20.
Qd3 {[%clk 00:22:43]} {[%emt 00:03:57]} Ne4 {[%clk 00:25:12]} {[%emt 00:02:00]}
21. Nf5 {[%clk 00:18:16]} {[%emt 00:04:57]} Bf8 {[%clk 00:25:00]} {[%emt
00:00:41]} 22. Bf4 {[%clk 00:11:57]} {[%emt 00:06:49]} Qd7 {[%clk 00:18:01]}
{[%emt 00:07:30]} 23. Ne3 {[%clk 00:10:49]} {[%emt 00:01:38]} Nb4 {[%clk
00:16:55]} {[%emt 00:01:36]} 24. Qb3 {[%clk 00:09:17]} {[%emt 00:02:01]} Nd2
{[%clk 00:15:54]} {[%emt 00:01:32]} 25. Qd1 {[%clk 00:09:14]} {[%emt 00:00:33]}
Nc4 {[%clk 00:15:14]} {[%emt 00:01:10]} 26. a3 {[%clk 00:06:04]} {[%emt
00:03:40]} Nxb2 {[%clk 00:10:37]} {[%emt 00:05:06]} 27. Qb3 {[%clk 00:05:43]}
{[%emt 00:00:50]} N4d3 {[%clk 00:09:43]} {[%emt 00:01:26]} 28. Rxc8 {[%clk
00:05:18]} {[%emt 00:00:54]} Rxc8 {[%clk 00:09:51]} {[%emt 00:00:22]} 29. Rb1
{[%clk 00:05:19]} {[%emt 00:00:30]} Nxf4 {[%clk 00:08:49]} {[%emt 00:01:32]} 30.
Nxf4 {[%clk 00:05:28]} {[%emt 00:00:20]} Nc4 {[%clk 00:08:03]} {[%emt
00:01:17]} 31. Nfxd5 {[%clk 00:03:10]} {[%emt 00:02:48]} Nxa3 {[%clk 00:07:43]}
{[%emt 00:00:49]} 32. Ra1 {[%clk 00:02:46]} {[%emt 00:00:55]} Nc4 {[%clk
00:04:06]} {[%emt 00:04:07]} 33. Nf6+ {[%clk 00:01:56]} {[%emt 00:01:19]} gxf6
{[%clk 00:04:34]} {[%emt 00:00:02]} 34. Nxc4 {[%clk 00:02:16]} {[%emt
00:00:10]} Qxd4 {[%clk 00:04:23]} {[%emt 00:00:41]} 35. Ra4 {[%clk 00:01:52]}
{[%emt 00:00:54]} Qd5 {[%clk 00:02:16]} {[%emt 00:02:37]} 36. Qg3+ {[%clk
00:01:40]} {[%emt 00:00:42]} Qg5 {[%clk 00:02:16]} {[%emt 00:00:30]} 37. Qd3
{[%clk 00:00:40]} {[%emt 00:01:30]} b5 {[%clk 00:01:29]} {[%emt 00:01:18]} 38.
Nd6 {[%clk 00:00:37]} {[%emt 00:00:32]} Rc1+ {[%clk 00:01:37]} {[%emt
00:00:22]} 0-1

[Event "Tournoi International du Pays de Charleroi 2018"]
[Site "Roux, Belgium"]
[Date "2018.08.04"]
[Round "9.16"]
[White "Verheyen, Olivier"]
[Black "Van Cappellen, Jonas"]
[Result "0-1"]
[WhiteElo "2012"]
[BlackElo "2202"]

1. e4 {[%clk 01:30:51]} {[%emt 00:00:07]} c5 {[%clk 01:29:30]} {[%emt
00:01:30]} 2. Nf3 {[%clk 01:31:10]} {[%emt 00:00:13]} e6 {[%clk 01:29:53]}
{[%emt 00:00:07]} 3. d4 {[%clk 01:31:34]} {[%emt 00:00:04]} cxd4 {[%clk
01:30:17]} {[%emt 00:00:05]} 4. Nxd4 {[%clk 01:31:59]} {[%emt 00:00:06]} a6
{[%clk 01:30:42]} {[%emt 00:00:08]} 5. c4 {[%clk 01:32:07]} {[%emt 00:00:19]}
Nf6 {[%clk 01:30:56]} {[%emt 00:00:18]} 6. Nc3 {[%clk 01:32:25]} {[%emt
00:00:10]} Qc7 {[%clk 01:31:19]} {[%emt 00:00:07]} 7. a3 {[%clk 01:29:44]}
{[%emt 00:03:12]} b6 {[%clk 01:31:30]} {[%emt 00:00:18]} 8. Be2 {[%clk
01:16:32]} {[%emt 00:13:43]} Bb7 {[%clk 01:31:13]} {[%emt 00:00:47]} 9. Qd3
{[%clk 01:15:09]} {[%emt 00:01:52]} d6 {[%clk 01:31:13]} {[%emt 00:00:30]} 10.
f4 {[%clk 01:14:28]} {[%emt 00:01:10]} Nbd7 {[%clk 01:29:56]} {[%emt 00:01:47]}
11. b4 {[%clk 01:13:19]} {[%emt 00:01:40]} Be7 {[%clk 01:29:11]} {[%emt
00:01:15]} 12. O-O {[%clk 01:13:05]} {[%emt 00:00:44]} Rc8 {[%clk 01:29:06]}
{[%emt 00:00:35]} 13. Be3 {[%clk 01:09:18]} {[%emt 00:04:17]} Qb8 {[%clk
01:22:56]} {[%emt 00:06:41]} 14. Rac1 {[%clk 01:01:34]} {[%emt 00:08:13]} Qa8
{[%clk 01:19:53]} {[%emt 00:03:33]} 15. Bf3 {[%clk 01:01:32]} {[%emt 00:00:32]}
g6 {[%clk 01:15:40]} {[%emt 00:04:43]} 16. Kh1 {[%clk 00:59:32]} {[%emt
00:02:29]} O-O {[%clk 01:04:32]} {[%emt 00:11:37]} 17. Bg1 {[%clk 00:56:46]}
{[%emt 00:03:17]} e5 {[%clk 00:50:19]} {[%emt 00:14:45]} 18. Nde2 {[%clk
00:52:38]} {[%emt 00:04:38]} exf4 {[%clk 00:49:45]} {[%emt 00:01:04]} 19. Nd5
{[%clk 00:51:29]} {[%emt 00:01:38]} Nxd5 {[%clk 00:46:16]} {[%emt 00:03:59]} 20.
exd5 {[%clk 00:51:35]} {[%emt 00:00:24]} b5 {[%clk 00:43:18]} {[%emt 00:03:28]}
21. Bd4 {[%clk 00:40:01]} {[%emt 00:12:03]} bxc4 {[%clk 00:35:40]} {[%emt
00:08:09]} 22. Rxc4 {[%clk 00:40:06]} {[%emt 00:00:25]} Bxd5 {[%clk 00:11:16]}
{[%emt 00:24:55]} 23. Rxc8 {[%clk 00:37:37]} {[%emt 00:02:58]} Re8 {[%emt
00:00:08]} 24. Rd8 Rxd8 {[%clk 00:11:38]} 25. Be4 {[%emt 00:00:09]} Rc8 26.
Bxd5 {[%clk 00:37:58]} Qxd5 {[%clk 00:12:01]} {[%emt 00:00:06]} 27. Nxf4 {[%clk
00:37:26]} {[%emt 00:01:02]} Qc4 {[%clk 00:11:30]} {[%emt 00:01:00]} 28. Kg1
{[%clk 00:29:08]} {[%emt 00:08:49]} Ne5 {[%clk 00:05:54]} {[%emt 00:06:06]} 29.
Qxc4 {[%clk 00:28:22]} {[%emt 00:01:16]} Rxc4 {[%clk 00:06:06]} {[%emt
00:00:19]} 30. Rd1 {[%clk 00:26:54]} {[%emt 00:01:57]} f5 {[%clk 00:05:04]}
{[%emt 00:01:32]} 31. Nd5 {[%clk 00:26:20]} {[%emt 00:01:04]} Kf7 {[%clk
00:04:31]} {[%emt 00:01:03]} 32. h3 {[%clk 00:25:24]} {[%emt 00:01:26]} Bg5
{[%clk 00:04:17]} {[%emt 00:00:44]} 33. Bf2 {[%clk 00:24:28]} {[%emt 00:01:26]}
Ke6 {[%clk 00:02:45]} {[%emt 00:02:01]} 34. Kf1 {[%clk 00:23:43]} {[%emt
00:01:15]} Rc2 {[%clk 00:01:37]} {[%emt 00:01:38]} 35. a4 {[%clk 00:23:33]}
{[%emt 00:00:42]} Bd2 {[%clk 00:01:22]} {[%emt 00:00:44]} 36. Nc7+ {[%clk
00:23:18]} {[%emt 00:00:46]} Rxc7 {[%clk 00:01:33]} {[%emt 00:00:18]} 37. Rxd2
{[%clk 00:23:46]} {[%emt 00:00:02]} Rc1+ {[%clk 00:01:42]} {[%emt 00:00:22]} 38.
Ke2 {[%clk 00:23:49]} {[%emt 00:00:26]} Rb1 {[%clk 00:02:04]} {[%emt 00:00:08]}
39. Be1 {[%clk 00:23:32]} {[%emt 00:00:46]} Rxb4 {[%clk 00:01:14]} {[%emt
00:01:21]} 40. Rxd6+ {[%clk 00:23:49]} {[%emt 00:00:14]} Kxd6 {[%clk 00:01:39]}
{[%emt 00:00:04]} 41. Bxb4+ {[%clk 00:24:11]} {[%emt 00:00:08]} Kd5 {[%clk
00:02:05]} {[%emt 00:00:24]} 0-1

[Event "Tournoi International du Pays de Charleroi 2018"]
[Site "Roux, Belgium"]
[Date "2018.08.04"]
[Round "9.14"]
[White "Maerevoet, Sim"]
[Black "Decrop, Benjamin"]
[Result "1/2-1/2"]
[WhiteElo "2115"]
[BlackElo "2207"]

1. c4 {[%clk 01:30:59]} {[%emt 00:00:01]} Nf6 {[%clk 01:30:55]} {[%emt
00:00:05]} 2. Nc3 {[%clk 01:31:26]} {[%emt 00:00:05]} e6 {[%clk 01:31:21]}
{[%emt 00:00:03]} 3. e4 {[%clk 01:31:52]} {[%emt 00:00:05]} d5 {[%clk
01:31:48]} {[%emt 00:00:02]} 4. e5 {[%clk 01:32:18]} {[%emt 00:00:03]} d4
{[%clk 01:32:13]} {[%emt 00:00:05]} 5. exf6 {[%clk 01:32:45]} {[%emt 00:00:04]}
dxc3 {[%clk 01:32:38]} {[%emt 00:00:04]} 6. bxc3 {[%clk 01:33:12]} {[%emt
00:00:04]} Qxf6 {[%clk 01:33:02]} {[%emt 00:00:06]} 7. d4 {[%clk 01:33:38]}
{[%emt 00:00:03]} b6 {[%clk 01:31:06]} {[%emt 00:02:26]} 8. Be2 {[%clk
01:27:20]} {[%emt 00:06:46]} Bb7 {[%clk 01:30:14]} {[%emt 00:01:23]} 9. Bf3
{[%clk 01:27:07]} {[%emt 00:00:43]} Bxf3 {[%clk 01:30:08]} {[%emt 00:00:35]} 10.
Nxf3 {[%clk 01:27:24]} {[%emt 00:00:14]} Bd6 {[%clk 01:28:08]} {[%emt
00:02:30]} 11. Qa4+ {[%clk 01:25:33]} {[%emt 00:02:22]} c6 {[%clk 01:28:00]}
{[%emt 00:00:37]} 12. O-O {[%clk 01:17:52]} {[%emt 00:08:10]} O-O {[%clk
01:27:44]} {[%emt 00:00:46]} 13. Re1 {[%clk 01:17:06]} {[%emt 00:01:16]} Rc8
{[%clk 01:23:19]} {[%emt 00:04:56]} 14. Rb1 {[%clk 00:52:54]} {[%emt 00:24:42]}
Nd7 {[%clk 01:16:05]} {[%emt 00:07:44]} 15. Bg5 {[%clk 00:48:44]} {[%emt
00:04:39]} Qf5 {[%clk 01:15:13]} {[%emt 00:01:22]} 16. Bh4 {[%clk 00:48:01]}
{[%emt 00:01:14]} Rc7 {[%clk 01:04:11]} {[%emt 00:11:31]} 17. Rbd1 {[%clk
00:46:12]} {[%emt 00:02:19]} h6 {[%clk 00:58:29]} {[%emt 00:06:12]} 18. Bg3
{[%clk 00:43:35]} {[%emt 00:03:08]} Bxg3 {[%clk 00:58:16]} {[%emt 00:00:42]} 19.
hxg3 {[%clk 00:44:00]} {[%emt 00:00:05]} Qf6 {[%clk 00:56:07]} {[%emt
00:02:39]} 20. Ne5 {[%clk 00:38:05]} {[%emt 00:06:25]} Nxe5 {[%clk 00:55:52]}
{[%emt 00:00:45]} 21. dxe5 {[%clk 00:37:52]} {[%emt 00:00:43]} Qg5 {[%clk
00:50:36]} {[%emt 00:05:46]} 22. Rd6 {[%clk 00:37:30]} {[%emt 00:00:53]} Rac8
{[%clk 00:43:40]} {[%emt 00:07:25]} 23. Qd1 {[%clk 00:33:19]} {[%emt 00:04:41]}
c5 {[%clk 00:43:25]} {[%emt 00:00:46]} 24. Re3 {[%clk 00:28:05]} {[%emt
00:05:44]} Rb7 {[%clk 00:33:03]} {[%emt 00:10:52]} 25. f4 {[%clk 00:27:00]}
{[%emt 00:01:34]} Qe7 {[%clk 00:32:05]} {[%emt 00:01:28]} 26. Red3 {[%clk
00:26:46]} {[%emt 00:00:44]} Rcc7 {[%clk 00:30:55]} {[%emt 00:01:40]} 27. a4
{[%clk 00:25:25]} {[%emt 00:01:52]} g6 {[%clk 00:30:53]} {[%emt 00:00:32]} 28.
Qb1 {[%clk 00:17:41]} {[%emt 00:08:14]} Rd7 {[%clk 00:30:48]} {[%emt 00:00:35]}
29. Qb5 {[%clk 00:16:29]} {[%emt 00:01:41]} Rxd6 {[%clk 00:30:52]} {[%emt
00:00:26]} 30. Rxd6 {[%clk 00:16:54]} {[%emt 00:00:05]} g5 {[%clk 00:30:56]}
{[%emt 00:00:26]} 31. Qc6 {[%clk 00:12:55]} {[%emt 00:04:29]} gxf4 {[%clk
00:30:08]} {[%emt 00:01:18]} 32. gxf4 {[%clk 00:13:19]} {[%emt 00:00:06]} Qh4
{[%clk 00:29:43]} {[%emt 00:00:55]} 33. Qxb7 {[%clk 00:11:08]} {[%emt
00:02:40]} 1/2-1/2

[Event "Tournoi International du Pays de Charleroi 2018"]
[Site "Roux, Belgium"]
[Date "2018.08.04"]
[Round "9.32"]
[White "Kolp, Theo"]
[Black "Thirion, Marcel"]
[Result "1-0"]
[WhiteElo "1980"]
[BlackElo "2100"]

1. Nf3 {[%clk 01:30:56]} {[%emt 00:00:03]} Nf6 {[%clk 01:30:49]} {[%emt
00:00:10]} 2. d4 {[%clk 01:31:21]} {[%emt 00:00:06]} d5 {[%clk 01:31:00]}
{[%emt 00:00:19]} 3. Bf4 {[%clk 01:31:45]} {[%emt 00:00:06]} e6 {[%clk
01:30:49]} {[%emt 00:00:41]} 4. e3 {[%clk 01:32:08]} {[%emt 00:00:07]} c5
{[%clk 01:29:35]} {[%emt 00:01:45]} 5. c3 {[%clk 01:32:18]} {[%emt 00:00:18]}
b6 {[%clk 01:28:59]} {[%emt 00:01:06]} 6. Nbd2 {[%clk 01:32:16]} {[%emt
00:00:32]} Be7 {[%clk 01:29:12]} {[%emt 00:00:17]} 7. Bd3 {[%clk 01:31:16]}
{[%emt 00:01:30]} Bb7 {[%clk 01:28:00]} {[%emt 00:01:43]} 8. Qc2 {[%clk
01:30:43]} {[%emt 00:01:02]} O-O {[%clk 01:28:16]} {[%emt 00:00:15]} 9. O-O
{[%clk 01:30:39]} {[%emt 00:00:33]} c4 {[%clk 01:18:14]} {[%emt 00:10:33]} 10.
Be2 {[%clk 01:28:13]} {[%emt 00:02:54]} b5 {[%clk 01:09:31]} {[%emt 00:09:14]}
11. Ne5 {[%clk 01:22:51]} {[%emt 00:05:48]} Nbd7 {[%clk 01:08:14]} {[%emt
00:01:51]} 12. Rad1 {[%clk 01:14:14]} {[%emt 00:09:08]} Nxe5 {[%clk 01:06:07]}
{[%emt 00:02:36]} 13. dxe5 {[%clk 01:13:55]} {[%emt 00:00:49]} Nd7 {[%clk
01:05:39]} {[%emt 00:00:57]} 14. e4 {[%clk 01:07:13]} {[%emt 00:07:13]} Qc7
{[%clk 01:04:39]} {[%emt 00:01:29]} 15. exd5 {[%clk 01:05:21]} {[%emt
00:02:23]} Bxd5 {[%clk 01:03:54]} {[%emt 00:01:15]} 16. Nf3 {[%clk 01:04:17]}
{[%emt 00:01:35]} Nc5 {[%clk 01:00:41]} {[%emt 00:03:42]} 17. Qd2 {[%clk
00:53:31]} {[%emt 00:11:16]} Rfd8 {[%clk 00:55:10]} {[%emt 00:06:01]} 18. Qe3
{[%clk 00:53:23]} {[%emt 00:00:38]} Qa5 {[%clk 00:51:00]} {[%emt 00:04:41]} 19.
a3 {[%clk 00:51:56]} {[%emt 00:01:57]} Na4 {[%clk 00:42:51]} {[%emt 00:08:38]}
20. Rd2 {[%clk 00:51:20]} {[%emt 00:01:06]} Bc5 {[%clk 00:38:37]} {[%emt
00:04:44]} 21. Nd4 {[%clk 00:49:00]} {[%emt 00:02:50]} Rac8 {[%clk 00:37:23]}
{[%emt 00:01:45]} 22. Qg3 {[%clk 00:47:47]} {[%emt 00:01:42]} Bf8 {[%clk
00:33:55]} {[%emt 00:03:58]} 23. Bg5 {[%clk 00:43:41]} {[%emt 00:04:36]} Rd7
{[%clk 00:34:11]} {[%emt 00:00:13]} 24. f4 {[%clk 00:39:08]} {[%emt 00:05:05]}
Nc5 {[%clk 00:33:33]} {[%emt 00:01:07]} 25. Qg4 {[%clk 00:35:56]} {[%emt
00:03:42]} Ne4 {[%clk 00:25:06]} {[%emt 00:08:57]} 26. Rdd1 {[%clk 00:35:35]}
{[%emt 00:00:51]} Nxg5 {[%clk 00:21:33]} {[%emt 00:04:03]} 27. Qxg5 {[%clk
00:35:16]} {[%emt 00:00:48]} Bc5 {[%clk 00:19:21]} {[%emt 00:02:42]} 28. Kh1
{[%clk 00:26:41]} {[%emt 00:09:06]} Qd8 {[%clk 00:11:41]} {[%emt 00:08:10]} 29.
Qg3 {[%clk 00:26:00]} {[%emt 00:01:11]} Rb8 {[%clk 00:09:36]} {[%emt 00:02:36]}
30. Bg4 {[%clk 00:21:12]} {[%emt 00:05:17]} g6 {[%clk 00:06:38]} {[%emt
00:03:28]} 31. f5 {[%clk 00:10:50]} {[%emt 00:10:52]} Rb6 {[%clk 00:02:59]}
{[%emt 00:04:09]} 32. fxe6 {[%clk 00:06:36]} {[%emt 00:04:44]} fxe6 {[%clk
00:03:12]} {[%emt 00:00:16]} 33. Qf4 {[%clk 00:05:58]} {[%emt 00:01:09]} h5
{[%clk 00:02:26]} {[%emt 00:01:16]} 34. Be2 {[%clk 00:05:10]} {[%emt 00:01:18]}
Rbb7 {[%clk 00:01:59]} {[%emt 00:00:57]} 35. Qg3 {[%clk 00:03:29]} {[%emt
00:02:11]} Kh7 {[%clk 00:02:02]} {[%emt 00:00:26]} 36. Rf6 {[%clk 00:03:30]}
{[%emt 00:00:30]} Qg8 {[%clk 00:02:10]} {[%emt 00:00:22]} 37. h3 {[%clk
00:01:56]} {[%emt 00:02:05]} Be7 {[%clk 00:02:09]} {[%emt 00:00:29]} 38. Rf2
{[%clk 00:02:02]} {[%emt 00:00:25]} Bd8 {[%clk 00:02:20]} {[%emt 00:00:20]} 39.
Rdf1 {[%clk 00:01:55]} {[%emt 00:00:36]} a6 {[%clk 00:02:03]} {[%emt 00:00:49]}
40. Bf3 {[%clk 00:00:48]} {[%emt 00:01:36]} Rf7 {[%clk 00:00:45]} {[%emt
00:01:47]} 41. Bxd5 {[%clk 00:29:38]} {[%emt 00:01:40]} exd5 {[%clk 00:30:55]}
{[%emt 00:00:20]} 42. e6 {[%clk 00:28:47]} {[%emt 00:01:22]} Rxf2 {[%clk
00:31:04]} {[%emt 00:00:21]} 43. Rxf2 {[%clk 00:27:48]} {[%emt 00:01:29]} Qg7
{[%clk 00:27:24]} {[%emt 00:04:09]} 44. Qd6 {[%clk 00:24:17]} {[%emt 00:03:59]}
Bh4 {[%clk 00:27:35]} {[%emt 00:00:20]} 45. Rf3 {[%clk 00:22:59]} {[%emt
00:01:49]} a5 {[%clk 00:18:57]} {[%emt 00:09:08]} 46. Qxd5 {[%clk 00:21:51]}
{[%emt 00:01:38]} b4 {[%clk 00:19:10]} {[%emt 00:00:17]} 47. axb4 {[%clk
00:20:16]} {[%emt 00:02:06]} axb4 {[%clk 00:19:29]} {[%emt 00:00:10]} 48. cxb4
{[%clk 00:20:17]} {[%emt 00:00:28]} Ra7 {[%clk 00:18:07]} {[%emt 00:01:53]} 49.
Rf1 {[%clk 00:15:34]} {[%emt 00:05:12]} Bf6 {[%clk 00:16:27]} {[%emt 00:02:11]}
50. Nc6 {[%clk 00:15:02]} {[%emt 00:01:02]} Rc7 {[%clk 00:14:45]} {[%emt
00:02:12]} 51. Qxc4 {[%clk 00:14:56]} {[%emt 00:00:36]} Be5 {[%clk 00:14:39]}
{[%emt 00:00:35]} 52. b3 {[%clk 00:14:04]} {[%emt 00:01:23]} Bd6 {[%clk
00:14:47]} {[%emt 00:00:21]} 53. b5 {[%clk 00:08:34]} {[%emt 00:06:01]} Kh6
{[%clk 00:14:51]} {[%emt 00:00:25]} 54. Qd5 {[%clk 00:08:17]} {[%emt 00:00:47]}
Bg3 {[%clk 00:12:41]} {[%emt 00:02:41]} 55. e7 {[%clk 00:07:21]} {[%emt
00:01:27]} Rxe7 {[%clk 00:11:43]} {[%emt 00:01:28]} 56. Nxe7 {[%clk 00:07:40]}
{[%emt 00:00:10]} Qxe7 {[%clk 00:12:09]} {[%emt 00:00:04]} 57. Qf3 {[%clk
00:07:34]} {[%emt 00:00:35]} Bd6 {[%clk 00:12:01]} {[%emt 00:00:38]} 58. Qf6
{[%clk 00:07:19]} {[%emt 00:00:44]} Qc7 {[%clk 00:11:59]} {[%emt 00:00:33]} 59.
Qh8 {[%clk 00:06:29]} {[%emt 00:01:20]} Kg5 {[%clk 00:12:18]} {[%emt 00:00:12]}
60. Qd4 {[%clk 00:06:09]} {[%emt 00:00:49]} Bg3 {[%clk 00:10:24]} {[%emt
00:02:24]} 61. Qe3+ {[%clk 00:05:41]} {[%emt 00:00:58]} Kh4 {[%clk 00:10:09]}
{[%emt 00:00:46]} 62. Rc1 {[%clk 00:05:47]} {[%emt 00:00:23]} 1-0

[Event "Tournoi International du Pays de Charleroi 2018"]
[Site "Roux, Belgium"]
[Date "2018.08.04"]
[Round "9.21"]
[White "Guion, Geoffrey"]
[Black "Werner, Ivan"]
[Result "1-0"]
[WhiteElo "1988"]
[BlackElo "2110"]

1. e4 {[%clk 01:30:56]} {[%emt 00:00:02]} c5 {[%clk 01:30:59]} {[%emt
00:00:05]} 2. Nf3 {[%clk 01:31:14]} {[%emt 00:00:09]} a6 {[%clk 01:31:27]}
{[%emt 00:00:03]} 3. g3 {[%clk 01:30:41]} {[%emt 00:01:03]} g6 {[%clk
01:31:50]} {[%emt 00:00:09]} 4. Bg2 {[%clk 01:31:04]} {[%emt 00:00:04]} Bg7
{[%clk 01:32:18]} {[%emt 00:00:03]} 5. O-O {[%clk 01:31:23]} {[%emt 00:00:10]}
Nc6 {[%clk 01:32:40]} {[%emt 00:00:08]} 6. c3 {[%clk 01:27:11]} {[%emt
00:04:41]} e5 {[%clk 01:27:13]} {[%emt 00:05:59]} 7. Re1 {[%clk 01:24:53]}
{[%emt 00:02:46]} d6 {[%clk 01:24:06]} {[%emt 00:03:38]} 8. Na3 {[%clk
01:24:22]} {[%emt 00:01:00]} Nge7 {[%clk 01:20:48]} {[%emt 00:03:50]} 9. Nc2
{[%clk 01:21:29]} {[%emt 00:03:22]} Qb6 {[%clk 01:16:55]} {[%emt 00:04:24]} 10.
Ne3 {[%clk 01:17:03]} {[%emt 00:04:54]} O-O {[%clk 01:15:10]} {[%emt 00:02:16]}
11. Nc4 {[%clk 01:10:11]} {[%emt 00:07:23]} Qc7 {[%clk 01:15:25]} {[%emt
00:00:16]} 12. a4 {[%clk 01:09:17]} {[%emt 00:01:22]} Be6 {[%clk 01:09:11]}
{[%emt 00:06:45]} 13. d3 {[%clk 01:05:42]} {[%emt 00:04:04]} h6 {[%clk
01:00:36]} {[%emt 00:09:06]} 14. Bd2 {[%clk 00:57:28]} {[%emt 00:08:44]} f5
{[%clk 00:47:10]} {[%emt 00:13:56]} 15. Qe2 {[%clk 00:48:52]} {[%emt 00:09:05]}
Rae8 {[%clk 00:45:13]} {[%emt 00:02:27]} 16. h3 {[%clk 00:44:14]} {[%emt
00:05:08]} b5 {[%clk 00:39:30]} {[%emt 00:06:14]} 17. Ne3 {[%clk 00:38:31]}
{[%emt 00:06:13]} Qd7 {[%clk 00:33:00]} {[%emt 00:07:00]} 18. axb5 {[%clk
00:36:35]} {[%emt 00:02:25]} axb5 {[%clk 00:33:26]} {[%emt 00:00:05]} 19. Kh2
{[%clk 00:34:10]} {[%emt 00:02:53]} f4 {[%clk 00:31:05]} {[%emt 00:02:52]} 20.
Nc2 {[%clk 00:30:31]} {[%emt 00:04:09]} g5 {[%clk 00:30:30]} {[%emt 00:01:06]}
21. gxf4 {[%clk 00:26:56]} {[%emt 00:04:04]} exf4 {[%clk 00:26:34]} {[%emt
00:04:27]} 22. d4 {[%clk 00:23:43]} {[%emt 00:03:42]} g4 {[%clk 00:13:05]}
{[%emt 00:14:00]} 23. hxg4 {[%clk 00:22:17]} {[%emt 00:01:55]} Bxg4 {[%clk
00:13:28]} {[%emt 00:00:08]} 24. Qxb5 {[%clk 00:19:55]} {[%emt 00:02:51]} Qe6
{[%clk 00:08:24]} {[%emt 00:05:35]} 25. Qd3 {[%clk 00:13:29]} {[%emt 00:06:54]}
c4 {[%clk 00:06:05]} {[%emt 00:02:51]} 26. Qe2 {[%clk 00:13:10]} {[%emt
00:00:48]} Qf7 {[%clk 00:06:15]} {[%emt 00:00:20]} 27. Rh1 {[%clk 00:11:47]}
{[%emt 00:01:52]} Nf5 {[%clk 00:02:52]} {[%emt 00:03:54]} 28. Kg1 {[%clk
00:10:35]} {[%emt 00:01:42]} d5 {[%clk 00:02:40]} {[%emt 00:00:43]} 29. e5
{[%clk 00:08:08]} {[%emt 00:02:56]} Nd6 {[%clk 00:02:49]} {[%emt 00:00:22]} 30.
Ra6 {[%clk 00:07:17]} {[%emt 00:01:21]} Qb7 {[%clk 00:02:36]} {[%emt 00:00:43]}
31. Nb4 {[%clk 00:05:23]} {[%emt 00:02:24]} Nxb4 {[%clk 00:02:06]} {[%emt
00:01:00]} 32. Rxd6 {[%clk 00:05:44]} {[%emt 00:00:08]} Nd3 {[%clk 00:02:10]}
{[%emt 00:00:27]} 33. Rh4 {[%clk 00:05:16]} {[%emt 00:00:57]} h5 {[%clk
00:02:11]} {[%emt 00:00:29]} 34. Rg6 {[%clk 00:04:16]} {[%emt 00:01:29]} Qd7
{[%clk 00:01:45]} {[%emt 00:00:57]} 35. Rg5 {[%clk 00:02:58]} {[%emt 00:01:48]}
Rf5 {[%clk 00:01:17]} {[%emt 00:00:58]} 36. Rhxg4 {[%clk 00:02:49]} {[%emt
00:00:38]} hxg4 {[%clk 00:01:43]} {[%emt 00:00:05]} 37. Rxg4 {[%clk 00:03:01]}
{[%emt 00:00:19]} Qf7 {[%clk 00:01:22]} {[%emt 00:00:51]} 38. Ng5 {[%clk
00:01:42]} {[%emt 00:01:48]} Qe7 {[%clk 00:01:51]} {[%emt 00:00:01]} 39. Bxd5+
{[%clk 00:01:48]} {[%emt 00:00:24]} Kf8 {[%clk 00:01:15]} {[%emt 00:01:07]} 40.
Nh7# {[%clk 00:02:04]} {[%emt 00:00:13]} 1-0